|
|
|
|
| LEADER |
01214nam a2200241 a 4500 |
| 001 |
GR-MES12505 |
| 008 |
070618s gr b 001 0 gre d |
| 020 |
|
|
|a 0761930191
|
| 040 |
|
|
|a GrPaTEI
|b gre
|c GR-PaULI
|
| 040 |
|
|
|a GrPaTEI
|b gre
|c GR-PaULI
|
| 082 |
|
0 |
|a 364.0285
|2 22
|
| 245 |
0 |
0 |
|a Information technology and the criminal justice system ; editor April Pattavina.
|
| 260 |
|
|
|a Thousand Oaks :
|b Sage,
|c 2005
|
| 300 |
|
|
|a x , 293σ. ;
|c 24εκ.
|
| 504 |
|
|
|a Περιλαμβάνει βιβλιογραφίες και ευρετήριο.
|
| 650 |
|
0 |
|a Criminal justice , Administration of
|x Data processing
|
| 650 |
|
0 |
|a Criminal justice , Administration of
|x Information services
|
| 650 |
|
0 |
|a Information storage and retrieval systems
|x Criminal justice , Administration of
|
| 700 |
0 |
|
|a Pattavina April
|
| 942 |
|
|
|2 ddc
|
| 952 |
|
|
|0 0
|1 0
|2 ddc
|4 0
|6 364_028000000000000_5_INF
|7 0
|9 271180
|a MSLG
|b MSLG
|c BSC
|d 2021-01-17
|e 24
|f 0
|g 0.00
|l 0
|o 364.028 5 INF
|p 2420000021931
|r 2021-01-17 00:00:00
|t 1
|w 2021-01-17
|y BK15
|x BAΣΙΛΕΙΑΔΗΣ ΒΑΣΙΛΕΙΟΣ ΕΡΓΑΣΤΗΡΙΟ ΚΟΙΝΩΝΙΚΗΣ ΠΛΗΡΟΦΟΡΙΚΗΣ ΤΜ ΔΕΜΕΣ
|x 20070618 0 1
|x GrPaTEI
|
| 971 |
|
|
|a .b25785527
|b 15-04-20
|c 13-09-16
|
| 999 |
|
|
|c 156601
|d 156601
|